=LDR 00000nam 2200000 4500 =001 $a INLIS000000000008393 =005 $a 20260604103734 =008 $a 260604################g##########0#ind## =022 ##$$a 978-979-170-870-8 =035 ##$$a 0010-0626000020 =082 ##$$a 618.2 =084 ##$$a 618.2 CUR p =100 1#$$a Curtis B.Glade =245 ##$$a Panduan lengkap Kehamilan Anda dari minggu ke minggu $b - $c Curtis B.Glade =247 ##$$a =260 ##$$a Yogyakarta $b Golden Books $c 2008 =300 ##$$a vi; 432hlm $b ilus $c 23cm $e =310 ##$$a =321 ##$$a =520 #$$a buku ini secara lengkap mengupas kehamilan setahap demi setahap, mulai dari minggu pertama hingga tiba saatnya sang buah hati lahir kedunia =650 #$$a kebidanan =700 #$$a A. Asnawi =700 #$$a Chrisna Farmadiani =856 ##$$a =Wor $a 1